000 00645nam a2200169Ia 4500
008 151213s9999 xx 000 0 und d
082 _a658.15
_b658.15
100 _aঅধ্যাপক এম.শাহজাহান মিনা
245 _aFundamentals of Finance/ মৌলিক অর্থায়ন
_cঅধ্যাপক এম.শাহজাহান মিনা
250 _a3rd
260 _aDhaka
_bআজিজিয়া প্রকাশনী
_c2008
300 _a9867 p.
650 _aFinance
650 _aFinance
700 _aঅধ্যাপক এম.শাহজাহান মিনা
999 _c4807
_d4807